书目信息 |
| 题名: |
为人类服务的天文学
|
|
| 作者: | 赵却民 著 | |
| 分册: | ||
| 出版信息: | 北京 科学普及出版社 1957 |
|
| 页数: | 32页 | |
| 开本: | 18cm | |
| 丛书名: | ||
| 单 册: | ||
| 中图分类: | P1-49 | |
| 科图分类: | ||
| 主题词: | 天文学--普及读物 , 天文学 | |
| 电子资源: | ||
| ISBN: | ||
| 000 | 00619nam0 2200241 45 980 | |
| 001 | 0633289531 | |
| 005 | 20060812091525.53 | |
| 010 | @dCNY0.14 | |
| 091 | @a13051.26 | |
| 100 | @a19970320d1957 em y0chiy0121 ea | |
| 101 | 0 | @achi |
| 102 | @aCN@b110000 | |
| 105 | @afa z 000yy | |
| 106 | @ar | |
| 200 | 10 | @a为人类服务的天文学@Awei ren lei fu wu de tian wen xue@f赵却民著 |
| 210 | @a北京@c科学普及出版社@d1957 | |
| 215 | @a32页@c图,表@d18cm | |
| 606 | @a天文学@x普及读物 | |
| 606 | 0 | @a天文学 |
| 690 | @aP1-49@v3 | |
| 701 | 0 | @a赵却民@4著@Azhao que min |
| 801 | 0 | @c20060812 |
| 905 | @a10447@dP1-49@e114 | |
| 为人类服务的天文学/赵却民著 .-北京:科学普及出版社,1957 |
| 32页:图,表;18cm |
| ISBN :CNY0.14 |
| ● |
| 相关链接 |
|
|
|
|
正题名:为人类服务的天文学
索取号:P1-49/114
 
预约/预借
| 序号 | 登录号 | 条形码 | 馆藏地/架位号 | 状态 | 备注 |
| 1 | 0452331 | 204523319 | 密集书库/ [索取号:P1-49/114] | 在馆 |